| 000 | 01320nam0a2200337 4500 | ||
|---|---|---|---|
| 001 | RU\NLR\BIBL_A\022398132 | ||
| 005 | 20250121102430.0 | ||
| 010 |
_a978-5-4484-4967-3 _9400 |
||
| 021 |
_aRU _bКН-П-24-065757 _9КН-П-24-6568 |
||
| 035 | _a(NLR Aleph) 022398132 | ||
| 090 |
_a13333465 _c13333465 |
||
| 100 | _a20241202d2024 k y0rusy50 ca | ||
| 101 | 1 |
_arus _cger |
|
| 102 | _aRU | ||
| 105 | _aach z 001yy | ||
| 181 | 0 |
_ai3 _baxxe |
|
| 182 | 0 | _an | |
| 200 | 1 |
_aВойна на Балтийском море, с августа 1914 по март 1915 г. _e[перевод с немецкого] _fР. Фирле |
|
| 203 |
_aТекст _bвизуальный _cнепосредственный |
||
| 210 |
_aМосква _cВече _d2024 |
||
| 215 |
_a435, [28] с. _cил., портр., факс., табл. _d21 |
||
| 225 | 1 | _aВоенно-историческая библиотека | |
| 320 | _aУказатели: с. 414-435 | ||
| 333 | _a12+ | ||
| 606 | 1 |
_aПервая мировая война _z1914 - 1918 _xМорские операции _yБалтийское море _2nlr_sh1 _2nlr_sh2 _3RU\NLR\AUTH\66719790 |
|
| 686 | 1 | _aЦ35(2)523.8 | |
| 700 | 1 |
_aФирле _bР. _gРудольф |
|
| 942 | _cBOOK | ||
| 980 | _aNB | ||